Macroeconomia version para Latinoamerica (Registro nro. 7932)
[ vista simple ]
| 000 -LEADER | |
|---|---|
| fixed length control field | 01447nam a2200205Ia 4500 |
| 005 - FECHA Y HORA DE LA ÚLTIMA TRANSACCIÓN | |
| control field | 20241022192215.0 |
| 008 - FIXED-LENGTH DATA ELEMENTS--GENERAL INFORMATION | |
| fixed length control field | 230425s9999 xx 000 0 und d |
| 020 ## - INTERNATIONAL STANDARD BOOK NUMBER | |
| International Standard Book Number | 9786074428827 |
| 040 ## - CATALOGING SOURCE | |
| Original cataloging agency | UPAN |
| Transcribing agency | Biblioteca San Vicente |
| Description conventions | RCAA2 |
| 041 ## - LANGUAGE CODE | |
| Language code of text/sound track or separate title | spa |
| 082 ## - DEWEY DECIMAL CLASSIFICATION NUMBER | |
| Classification number | 339 |
| Item number | P375m |
| año de publicación | 2010 |
| 100 ## - MAIN ENTRY--PERSONAL NAME | |
| Personal name | Parkin, Michael |
| 245 #0 - TITLE STATEMENT | |
| Title | Macroeconomia version para Latinoamerica |
| 250 ## - EDITION STATEMENT | |
| Edition statement | 9° ed. |
| 260 ## - PUBLICATION, DISTRIBUTION, ETC. (IMPRINT) | |
| Place of publication, distribution, etc | Mexico |
| Name of publisher, distributor, etc | Pearson |
| Date of publication, distribution, etc | 2010 |
| 300 ## - PHYSICAL DESCRIPTION | |
| Extent | 456 p. |
| Dimensions | 27 cm. |
| 505 ## - FORMATTED CONTENTS NOTE | |
| Formatted contents note | Parte Uno: Introducción.<br/>Capitulo 1: ¿Qué es economía?.<br/>Capitulo 2: El problema económico. <br/>Capitulo 3: Oferta y demanda.<br/>Parte Dos: Vigilancia de las tendencias y fluctuaciones macroeconómicas.<br/>Capitulo 4: Medición del PIB y el crecimiento económico. <br/>Capitulo 5: Seguimiento de los empleos y la inflación. <br/>Parte Tres: Tendencias macroeconómicas.<br/>Capitulo 6: Crecimiento económico.<br/>Capitulo 7: Finanzas, ahorro e inversión.<br/>Capitulo 8: Dinero, nivel de precios e inflación. <br/>Capitulo 9: Tipo de cambio y balanza de pagos.<br/>Parte Cuatro: Fluctuación macroeconómicas.<br/>Capitulo 10: Oferta agregada y demanda agregada.<br/>Capitulo 11: Multiplicadores del gasto; el modelo Keynesiano.<br/>Capitulo 12: Inflación, desempleo y ciclos económicos.<br/>Parte Cinco: Política macroeconómica.<br/>Capitulo 13: Política fiscal.<br/>Capitulo 14: Política monetaria.<br/>Capitulo 15: Política de comercio internacional. |
| 700 ## - ADDED ENTRY--PERSONAL NAME | |
| Personal name | Eduardo Loria |
| 942 ## - ADDED ENTRY ELEMENTS (KOHA) | |
| Koha item type | Libros |
| Source of classification or shelving scheme | Dewey Decimal Classification |
| Withdrawn status | Lost status | Source of classification or shelving scheme | Damaged status | Not for loan | Collection code | Home library | Current library | Date acquired | Total Checkouts | Full call number | Barcode | Date last seen | Copy number | Price effective from | Koha item type |
|---|---|---|---|---|---|---|---|---|---|---|---|---|---|---|---|
| Dewey Decimal Classification | Colección General | Biblioteca UPAN San Vicente | Biblioteca UPAN San Vicente | 25/04/2023 | 339 P375m | 12002943 | 25/04/2023 | 03 | 25/04/2023 | Libros | |||||
| Dewey Decimal Classification | Colección General | Biblioteca UPAN San Vicente | Biblioteca UPAN San Vicente | 22/10/2024 | 339 P375m | 12002942 | 22/10/2024 | 02 | 22/10/2024 | Libros | |||||
| Dewey Decimal Classification | Colección General | Biblioteca UPAN San Vicente | Biblioteca UPAN San Vicente | 22/10/2024 | 339 P375m | 12002941 | 22/10/2024 | 01 | 22/10/2024 | Libros |